[Event "DVM U12w 2022"]
[Site "Berlin GER"]
[Date "2022.12.27"]
[Round "2"]
[White "Wu, Zixuan Anja"]
[Black "Wieckowicz, Bui Ha My"]
[Result "0-1"]
[Termination "normal"]
[Board "7.4"]
[WhiteElo "934"]
[BlackElo "765"]
[WhiteTeam "Schachgemeinschaft Leipzig"]
[BlackTeam "Schachklub König Plauen"]
[PlyCount "70"]
[WhiteFideId "34639934"]
[BlackFideId "34639918"]
[EventCountry "GER"]
[EventRounds "7"]
[EventType "team-swiss"]
[EventDate "2022.12.26"]

{normal} 1. e4 c5 2. Nf3 Nc6 3. Bc4 e6 4. Nc3 Nf6 5. O-O d6 6. d3 Be7 7. Bf4
O-O 8. e5 Nd7 9. exd6 Bf6 10. a3 e5 11. Bb5 exf4 12. Bxc6 bxc6 13. Re1 Nb6 14.
Ne4 Bxb2 15. Ra2 Na4 16. Ne5 Bf5 17. Nc4 Bc3 18. Nxc3 Nxc3 19. Qb1 Nxb1 20.
Rxb1 Re8 21. h3 f3 22. gxf3 Bxh3 23. Ne3 Be6 24. Rab2 Qxd6 25. Kf1 Bh3 26. Ke2
Qe5 27. Kd2 Rad8 28. Rb3 Be6 29. Rc3 Qf4 30. Re1 Qxf3 31. Rf1 Bh3 32. Ke1 Bxf1
33. Kxf1 Rxe3 34. Kg1 Re1 35. Kh2 Rh1# 0-1

[Event "DVM U12w 2022"]
[Site "Berlin GER"]
[Date "2022.12.27"]
[Round "2"]
[White "Mersmann, Jasmin"]
[Black "Vogt, Luna"]
[Result "0-1"]
[Termination "normal"]
[Board "8.1"]
[WhiteElo "1187"]
[BlackElo "1345"]
[WhiteTeam "Karlsruher SF 1853"]
[BlackTeam "Schachgemeinschaft Porz e. V."]
[PlyCount "53"]
[WhiteFideId "34630287"]
[BlackFideId "34607153"]
[EventCountry "GER"]
[EventRounds "7"]
[EventType "team-swiss"]
[EventDate "2022.12.26"]

{normal} 1. e4 e5 2. Nf3 Nc6 3. Bc4 Nf6 4. Nc3 Nxe4 5. Nxe4 d5 6. Bxd5 Qxd5 7.
Nc3 Qd6 8. h3 Be7 9. O-O Qg6 10. Kh2 Bd6 11. Kh1 Bf5 12. d3 Qe6 13. Ng1 O-O-O
14. Re1 Rhg8 15. Bf4 Qd7 16. Bg3 g5 17. Nd5 Rg6 18. Re3 g4 19. Bh4 Be7 20. Bxe7
Nxe7 21. hxg4 Bxg4 22. Qd2 Rh6 23. Nh3 Nf5 24. Rxe5 Qd6 25. Qf4 Qg6 26. Re4 Nh4
27. Qxg4 {nicht weiter nachvollziehbar} 0-1

[Event "DVM U12w 2022"]
[Site "Berlin GER"]
[Date "2022.12.27"]
[Round "2"]
[White "Brandt, Clara"]
[Black "Xiao, Karoline"]
[Result "1-0"]
[Termination "normal"]
[Board "8.2"]
[WhiteElo "1163"]
[BlackElo "990"]
[WhiteTeam "Schachgemeinschaft Porz e. V."]
[BlackTeam "Karlsruher SF 1853"]
[PlyCount "63"]
[WhiteFideId "34614737"]
[BlackFideId "16282230"]
[EventCountry "GER"]
[EventRounds "7"]
[EventType "team-swiss"]
[EventDate "2022.12.26"]

{normal} 1. Nf3 c6 2. c4 d5 3. b3 Nf6 4. g3 Bf5 5. Bb2 Nbd7 6. d4 e6 7. Bg2 Be7
8. O-O O-O 9. Nbd2 Re8 10. h3 Nf8 11. Ne5 Ng6 12. Nxg6 Bxg6 13. Nf3 Ne4 14. Ne5
Bf5 15. e3 Bd6 16. Qh5 Bg6 17. Qd1 Re7 18. a3 Qb8 19. Rc1 f6 20. Nxg6 hxg6 21.
Bxe4 dxe4 22. Qg4 Kf7 23. Kg2 Re8 24. Qxe4 Rh8 25. Rh1 Rh5 26. Rcd1 Rg5 27. Qf3
Qh8 28. d5 cxd5 29. cxd5 e5 30. Qe4 Rc8 31. f4 Rf5 32. g4 1-0

[Event "DVM U12w 2022"]
[Site "Berlin GER"]
[Date "2022.12.27"]
[Round "2"]
[White "Khachaturyan, Viktoria"]
[Black "Ramien, Eva"]
[Result "1-0"]
[Termination "normal"]
[Board "8.3"]
[WhiteElo "874"]
[BlackElo "915"]
[WhiteTeam "Karlsruher SF 1853"]
[BlackTeam "Schachgemeinschaft Porz e. V."]
[PlyCount "65"]
[WhiteFideId "16258150"]
[BlackFideId "16275390"]
[EventCountry "GER"]
[EventRounds "7"]
[EventType "team-swiss"]
[EventDate "2022.12.26"]

{normal} 1. e4 e5 2. Nf3 Nc6 3. Nc3 Bc5 4. Bb5 d6 5. d4 Bxd4 6. Nxd4 exd4 7.
Qxd4 Bd7 8. Bxc6 Bxc6 9. Qxg7 Qe7 10. Qxh8 O-O-O 11. Qd4 Kb8 12. Be3 b6 13. Qc4
Bb7 14. O-O-O Nf6 15. e5 Ne8 16. h4 f6 17. exf6 Nxf6 18. Rhe1 Qg7 19. Bd4 Qh6
20. Kb1 Bxg2 21. Nb5 Rc8 22. Bxf6 Qxf6 23. Re8 Qf5 24. Qa4 a5 25. Nd4 Qg4 26.
Nc6 Bxc6 27. Qxg4 Rxe8 28. Qc4 Bf3 29. Rg1 Ka7 30. Qxc7 Bb7 31. b4 Rc8 32. Qd7
axb4 33. Rg7 1-0

[Event "DVM U12w 2022"]
[Site "Berlin GER"]
[Date "2022.12.27"]
[Round "2"]
[White "Weng, Yueyi Elina"]
[Black "Franzen, Karoline"]
[Result "1-0"]
[Termination "normal"]
[Board "9.2"]
[WhiteElo "924"]
[BlackElo "881"]
[WhiteTeam "TSG Oberschöneweide e.V."]
[BlackTeam "SV Heiden 62 e. V."]
[PlyCount "93"]
[WhiteFideId "34639896"]
[BlackFideId "34639667"]
[EventCountry "GER"]
[EventRounds "7"]
[EventType "team-swiss"]
[EventDate "2022.12.26"]

{normal} 1. e4 e5 2. Nf3 Nc6 3. d4 f6 4. d5 Nd4 5. Nxd4 exd4 6. Qxd4 b6 7. Nc3
Bc5 8. Qa4 f5 9. Bf4 fxe4 10. Nb5 Rb8 11. Nxc7 Kf8 12. Qxe4 Qe7 13. Qxe7 Bxe7
14. O-O-O d6 15. Ne6 Ke8 16. Nxg7 Kd7 17. Bb5 Kc7 18. Rhe1 Bf6 19. Ne8 Kd8 20.
Nxf6 Nxf6 21. Bg5 Rf8 22. Re8 Rxe8 23. Bxf6 Re7 24. Bxe7 Kxe7 25. Re1 Kf7 26.
f4 Bg4 27. h3 Bf5 28. g4 Bc8 29. f5 Bb7 30. Re6 Bxd5 31. Rxd6 Be4 32. g5 Rc8
33. c3 Rc5 34. Bd3 Bxd3 35. Rxd3 Rxf5 36. Rd7 Kg6 37. Rxa7 Rf1 38. Kc2 Rf2 39.
Kb3 h6 40. gxh6 Kxh6 41. Ra6 Rf6 42. c4 Rg6 43. c5 Rg3 44. Kb4 Rxh3 45. cxb6
Rh4 46. Ka3 Rh3 47. b3 1-0

[Event "DVM U12w 2022"]
[Site "Berlin GER"]
[Date "2022.12.27"]
[Round "2"]
[White "Makarova, Alexia"]
[Black "Neurohr, Katharina"]
[Result "0-1"]
[Termination "normal"]
[Board "9.3"]
[WhiteElo "876"]
[BlackElo "941"]
[WhiteTeam "SV Heiden 62 e. V."]
[BlackTeam "TSG Oberschöneweide e.V."]
[PlyCount "120"]
[WhiteFideId "34619682"]
[BlackFideId "34639810"]
[EventCountry "GER"]
[EventRounds "7"]
[EventType "team-swiss"]
[EventDate "2022.12.26"]

{normal} 1. e4 e5 2. Nf3 Nc6 3. Bc4 Bc5 4. d3 h6 5. Nc3 Nf6 6. Be3 d6 7. d4 Bb6
8. dxe5 dxe5 9. Qxd8 Nxd8 10. Bxb6 cxb6 11. Nxe5 O-O 12. O-O Nc6 13. Nxc6 bxc6
14. Rad1 Be6 15. Bxe6 fxe6 16. Rd6 Rad8 17. Rfd1 Rc8 18. Rxe6 Ng4 19. Rd7 Rf6
20. Rxf6 Nxf6 21. Rxa7 Rd8 22. f3 Rd2 23. Ra6 Rxc2 24. Na4 b5 25. e5 Nd5 26.
Nb6 Rxb2 27. Ra8 Kf7 28. Nxd5 cxd5 29. a4 d4 30. Rd8 bxa4 31. Rxd4 a3 32. Ra4
a2 33. f4 Rb1 34. Kf2 a1=Q 35. Rxa1 Rxa1 36. f5 Ra5 37. Kf3 Rxe5 38. Kf4 Kf6
39. g4 g5 40. Kg3 Re7 41. Kf3 Rh7 42. Ke4 h5 43. gxh5 Rxh5 44. Kf3 Rh4 45. Kg3
Rc4 46. h3 Kxf5 47. Kf3 Rc3 48. Kg2 g4 49. hxg4 Kxg4 50. Kf2 Rb3 51. Ke2 Kf4
52. Kd2 Ke4 53. Kc2 Rg3 54. Kd2 Rh3 55. Ke2 Rh2 56. Kd1 Ke3 57. Kc1 Kd3 58. Kb1
Kc3 59. Ka1 Kb3 60. Kb1 Rh1# 0-1